| 000 | 00716nam a2200193Ia 4500 | ||
|---|---|---|---|
| 003 | GCL | ||
| 005 | 20240530103051.0 | ||
| 008 | 140319s9999 xx 000 0 ara d | ||
| 040 |
_aGCL / _cGCL |
||
| 082 | 0 | 4 |
_a962.02 _bق/ا ت |
| 100 | 1 | _aامين سعيد | |
| 245 | 1 | 0 |
_aتاريخ مصر السياسى من الحملة الفرنسية 1798 الى انهيار الملكية 1952 / _cامين سعيد |
| 260 |
_bدار احياء الكتب العربية ، _c1959 |
||
| 300 |
_a403 ص؛ _c24 سم |
||
| 490 |
_aكتب تاريخ مصر السياسى الحديث _v12 |
||
| 650 | 0 | 4 |
_aمصر _xتاريخ _yالعصر الحديث |
| 650 | 0 | 4 |
_aمصر _xالاحوال السياسية |
| 942 |
_2ddc _cBK |
||
| 999 |
_c36561 _d36561 |
||